Epidemiology for the health sciences; (Record no. 1529)

MARC details
000 -LEADER
fixed length control field 01144pam a2200349 4500
001 - CONTROL NUMBER
control field data
005 - DATE AND TIME OF LATEST TRANSACTION
control field 20260322212105.0
008 - FIXED-LENGTH DATA ELEMENTS--GENERAL INFORMATION
fixed length control field data
035 ## - SYSTEM CONTROL NUMBER
System control number 2668577
010 ## - LIBRARY OF CONGRESS CONTROL NUMBER
LC control number 73010087
020 ## - INTERNATIONAL STANDARD BOOK NUMBER
International Standard Book Number 0398029490 (pbk)
-- 0398029490 (pbk)
020 ## - INTERNATIONAL STANDARD BOOK NUMBER
International Standard Book Number 9780398029500
020 ## - INTERNATIONAL STANDARD BOOK NUMBER
International Standard Book Number 9780398029494
Qualifying information (pbk)
035 ## - SYSTEM CONTROL NUMBER
-- (DLC) 73010087
040 ## - CATALOGING SOURCE
Original cataloging agency DLC
Transcribing agency DLC
Modifying agency DLC
050 00 - LIBRARY OF CONGRESS CALL NUMBER
Classification number RA651
Item number .A95
060 ## - NATIONAL LIBRARY OF MEDICINE CALL NUMBER
Classification number WA100 A935e 1973
082 00 - DEWEY DECIMAL CLASSIFICATION NUMBER
Classification number 616/.00723
100 1# - MAIN ENTRY--PERSONAL NAME
Personal name Austin, Donald F.
245 10 - TITLE STATEMENT
Title Epidemiology for the health sciences;
Remainder of title a primer on epidemiologic concepts and their uses,
Statement of responsibility, etc. by Donald F. Austin and S. Benson Werner.
260 ## - PUBLICATION, DISTRIBUTION, ETC.
Place of publication, distribution, etc. Springfield, Ill.,
Name of publisher, distributor, etc. C. C. Thomas
Date of publication, distribution, etc. [1974]
300 ## - PHYSICAL DESCRIPTION
Extent vii, 75 p.
Other physical details illus.
Dimensions 24 cm.
336 ## - CONTENT TYPE
Content type term text
Content type code txt
Source rdacontent
337 ## - MEDIA TYPE
Media type term unmediated
Media type code n
Source rdamedia
338 ## - CARRIER TYPE
Carrier type term volume
Carrier type code nc
Source rdacarrier
650 #0 - SUBJECT ADDED ENTRY--TOPICAL TERM
Topical term or geographic name entry element Epidemiology.
650 #2 - SUBJECT ADDED ENTRY--TOPICAL TERM
Topical term or geographic name entry element Epidemiology.
700 1# - ADDED ENTRY--PERSONAL NAME
Personal name Werner, Sanford Benson,
Dates associated with a name 1939-
Relator term joint author.
906 ## - LOCAL DATA ELEMENT F, LDF (RLIN)
a 7
b cbc
c orignew
d 1
e ocip
f 19
g y-gencatlg
991 ## -
-- c-GenColl
-- RA651
-- .A95
-- Copy 1
-- BOOKS
Holdings
Withdrawn status Lost status Damaged status Not for loan Home library Current library Shelving location Date acquired Total checkouts Full call number Barcode Date last seen Price effective from Koha item type
        Riverside Riverside General stacks 22/03/2026   616/.00723 LOC-RPL-00076 22/03/2026 22/03/2026 Books